000 00612nam a2200217Ia 4500
008 101110s9999 xx 000 0 und d
041 _aMARATHI
082 _bSR29491
100 _aMisra S.K. and Puri V.K.
245 _aBusiness economics [revised syllabus] T.Y.B.Com.
260 _c2007
_bHimalaya publishing house,Mumbai
300 _a353
365 _b135
520 _aCommerce
546 _aMARATHI
630 _aBusiness economics [revised syllabus] T.Y.B.Com.
650 _aCommerce
655 _aCommerce
730 _aBusiness economics [revised syllabus] T.Y.B.Com.
942 _cBOOK
999 _c822002
_d821999